Statistiken für Länder nach Wikipediabeschreibung

Klicken Sie hier um das Quiz zu spielen!

Allgemein

  • Dieses Quiz wurde 201 mal gespielt
  • Das Durchschnittsergebnis liegt bei 11 aus 20

Antwortstatistiken

HinweisAntwort% Korrekt
Mit 144,5 Millionen Einwohnern (2019) steht es an 9. Stelle der bevölkerungsreichsten Länder und ist zugleich eines der am dünnsten besiedelten.Russland
80%
[...] blieb bis zum Ende des Ersten Weltkrieges eine deutsche Kolonie mit dem Namen Deutsch-Südwestafrika.Namibia
77%
Er besteht seit 1990 aus 16 Ländern.Deutschland
75%
Zwei der drei heiligsten Stätten des Islam, die Kaaba in Mekka und die Prophetenmoschee in Medina, liegen in ___________Saudi-Arabien
75%
[...] das neuntgrößte Land der Erde und außerdem der größte Binnenstaat.Kasachstan
73%
Dank der Einnahmen des Kanals zählt _____ heute zu den reichsten Ländern in Lateinamerika.Panama
72%
_____ ist nach Frankreich das am zweithäufigsten besuchte Land der Welt.Spanien
72%
[...] womit das Land als letzte Diktatur Europas gilt.Belarus
69%
Die zu _____ gehörenden Galápagos-Inseln befinden sich zwischen 928 km und 1272 km westlich der Küste im Pazifik.Ecuador
63%
_____ ist trotz seines niedrigen Pro-Kopf-Einkommens die drittgrößte bzw. fünftgrößte Wirtschaftsmacht der WeltIndien
61%
Am 11. März 2011 erschütterte ein heftiges Erdbeben den ganzen Staat.Japan
59%
[...] statistisch das Volk mit den körperlich größten Menschen der WeltNiederlande
55%
Bis 1939 wurde das Land, das ungefähr auf dem Gebiet des heutigen Staates lag, als Siam bezeichnet.Thailand
53%
Das hervorstechendste Merkmal der Landschaft _______ ist ihr Seenreichtum, der dem Land auch den Beinamen Land der tausend Seen eingebracht hat.Finnland
52%
Nach einem Putschversuch im Juli 2016 haben die [...] den Ausnahmezustand verhängt und Maßnahmen erlassen, die über die zweijährige Dauer des Ausnahmezustands hinaus bis heute die Demokratie in der _____ schwächen.Türkei
36%
[...] wird als „grüne Insel“ bezeichnet, was teilweise der dünnen Besiedlung und der Naturvielfalt zu verdanken ist.Neuseeland
25%
Sein Festland wird wegen der Landesform als Hexagone (Sechseck) bezeichnet.Frankreich
22%
[...] deutsch meist Druk Yul, gesprochen „Dru Ü“; ‚Land des Donnerdrachens‘Bhutan
21%
Die drei größten Volksgruppen sind die Igbo, Yoruba und Hausa.Nigeria
19%
______ trat nach einer positiv ausgegangenen Volksabstimmung am 10. September 2002 den Vereinten Nationen (UNO) bei.Schweiz
18%

Verteilung der Resultate

Perzentil nach korrekt beantworteten Fragen

Anzahl Personen mit jedem Resultat

Ihre Resultats-Entwicklung

Sie haben dieses Quiz noch nicht gespielt